[Event "Modra Slovakia op"]
[Site "Modra"]
[Date "2024.03.02"]
[Round "3"]
[White "Banas, Kamil"]
[Black "Bochnicka, Vladimir1"]
[Result "0-1"]
[WhiteElo "2162"]
[BlackElo "2413"]
[PlyCount "58"]
[EventDate "2024.03.01"]
[EventType "swiss"]
[EventRounds "9"]
[EventCountry "SVK"]
[SourceTitle "CB11_2024"]
[SourceDate "2024.03.13"]
[SourceVersion "1"]
[SourceVersionDate "2024.03.13"]
[SourceQuality "1"]

1. e4 e5 2. Nf3 Nc6 3. d4 exd4 4. Nxd4 Bc5 5. Nb3 Bb6 6. Nc3 d6 7. a4 a5 8. Nd5 Nf6 9. Nxb6 cxb6 10. Bc4 0-0 11. 0-0 Nxe4 12. Re1 Nxf2 13. Qf3 Ng4 14. Bg5 Qd7 15. Qg3 Qf5 16. Bf4 Nge5 17. Bd5 Ng6 18. Bxd6 Qxd5 19. Bxf8 Nxf8 20. Re8 f6 21. Qc7 Bh3 22. Re2 Re8 23. Rd2 Qg5 24. Qxb7 Qe3+ 25. Rf2 Bd7 26. Rd1 Ne5 27. h3 Bc6 28. Qc7 Ne6 29. Qd6 Nf4 0-1

[Event "SVK-chT 1920"]
[Site "Slovakia"]
[Date "2020.03.01"]
[Round "8.6"]
[White "Mosesov, Danylo"]
[Black "Banas, Kamil"]
[Result "1/2-1/2"]
[WhiteElo "2286"]
[BlackElo "2280"]
[PlyCount "34"]
[EventDate "2019.10.19"]
[EventType "team-tourn"]
[EventRounds "11"]
[EventCountry "SVK"]
[SourceTitle "CBM 195 Extra"]
[Source "ChessBase"]
[SourceDate "2020.05.31"]
[SourceVersion "1"]
[SourceVersionDate "2020.05.31"]
[SourceQuality "1"]
[WhiteTeam "Kosice Slavia UPJS"]
[BlackTeam "Modra"]
[WhiteTeamCountry "SVK"]
[BlackTeamCountry "SVK"]

1. d4 d5 2. c4 e6 3. Nc3 c6 4. Nf3 dxc4 5. e4 b5 6. Be2 Bb7 7. 0-0 a6 8. b3 b4 9. Na4 c3 10. e5 h6 11. Bc4 Nd7 12. Be3 Ne7 13. Nh4 Nd5 14. Qg4 Qe7 15. a3 a5 16. Nf3 N5b6 17. Nxb6 Nxb6 1/2-1/2

[Event "SVK-chT2A 1819"]
[Site "Slovakia"]
[Date "2019.04.06"]
[Round "10.2"]
[White "Banas, Kamil"]
[Black "Ac, Michal"]
[Result "1-0"]
[WhiteElo "2287"]
[BlackElo "2164"]
[PlyCount "95"]
[EventDate "2018.10.13"]
[EventType "team-tourn"]
[EventRounds "11"]
[EventCountry "SVK"]
[SourceTitle "EXT 2020"]
[Source "ChessBase"]
[SourceDate "2019.10.17"]
[SourceVersion "1"]
[SourceVersionDate "2019.10.17"]
[SourceQuality "1"]
[WhiteTeam "Modra II"]
[BlackTeam "Bratislava Slovan IV"]
[WhiteTeamCountry "SVK"]
[BlackTeamCountry "SVK"]

1. e4 e5 2. Nf3 Nc6 3. Bb5 a6 4. Ba4 Nf6 5. 0-0 Be7 6. Re1 b5 7. Bb3 d6 8. c3 0-0 9. h3 h6 10. d4 Re8 11. Nbd2 Bb7 12. Nf1 Bf8 13. Ng3 Na5 14. Bc2 g6 15. b3 Bg7 16. Qd2 Nc6 17. Bb2 Nh7 18. a4 Qf6 19. d5 Ne7 20. axb5 axb5 21. Qe2 c6 22. dxc6 Bxc6 23. Bd3 Qe6 24. c4 bxc4 25. Bxc4 Qd7 26. Red1 Rxa1 27. Bxa1 Nc8 28. Qd3 Qb7 29. Ba6 Qb4 30. Bxc8 Rxc8 31. Qxd6 Qxd6 32. Rxd6 Bxe4 33. Nxe4 Rc1+ 34. Kh2 Rxa1 35. Rd8+ Bf8 36. Nxe5 Re1 37. Nd7 Rxe4 38. Rxf8+ Kg7 39. Rb8 Re2 40. Kg3 Rd2 41. Rb7 Ng5 42. f3 h5 43. h4 Ne6 44. Ne5 Nd4 45. Rxf7+ Kg8 46. Rf6 Nf5+ 47. Kh3 Re2 48. Nxg6 1-0

[Event "SVK-chT 1819"]
[Site "Slovakia"]
[Date "2019.03.10"]
[Round "8.3"]
[White "Kusiak, Matej"]
[Black "Banas, Kamil"]
[Result "0-1"]
[WhiteElo "2263"]
[BlackElo "2255"]
[PlyCount "128"]
[EventDate "2018.11.10"]
[EventType "team-tourn"]
[EventRounds "11"]
[EventCountry "SVK"]
[SourceTitle "CBM 189 Extra"]
[Source "ChessBase"]
[SourceDate "2019.06.03"]
[SourceVersion "1"]
[SourceVersionDate "2019.06.03"]
[SourceQuality "1"]
[WhiteTeam "Prakovce"]
[BlackTeam "Modra"]
[WhiteTeamCountry "SVK"]
[BlackTeamCountry "SVK"]

1. e4 e5 2. Nf3 Nf6 3. Nc3 Nc6 4. Bb5 Bb4 5. 0-0 0-0 6. d3 d6 7. Bg5 Bxc3 8. bxc3 Qe7 9. h3 Nd8 10. Nh2 Ne6 11. Be3 a5 12. Bc4 Bd7 13. Bxe6 Qxe6 14. c4 b6 15. f4 exf4 16. Bxf4 Bc6 17. Nf3 Bb7 18. Nd4 Qd7 19. Nf5 Kh8 20. Bd2 Ng8 21. Rf4 f6 22. Rg4 Rf7 23. Bc3 Qe8 24. Rh4 Bc8 25. Qh5 Bxf5 26. Qxf5 h6 27. Rf1 Qa4 28. Qg6 Raf8 29. Bd2 Qxc2 30. Be3 Qe2 31. Bf4 f5 32. Bc1 Rf6 33. Qg3 fxe4 34. Rxf6 Rxf6 35. Kh2 exd3 36. Rg4 Rf7 37. Rd4 Qc2 38. Bf4 Ne7 39. Qe3 Qe2 40. Rxd3 Qxe3 41. Bxe3 Nc6 42. Kg1 Kg8 43. Bd2 Nb4 44. Bxb4 axb4 45. Rb3 c5 46. Rd3 Ra7 47. Rd2 Kf7 48. Kf1 Ke6 49. Re2+ Kd7 50. Ke1 Ra3 51. Kd1 Kc6 52. Kc1 Rc3+ 53. Kb2 Rxc4 54. Re7 g5 55. Rh7 Rf4 56. g4 Rf2+ 57. Kb1 Rf6 58. Kc2 Kb5 59. Rh8 Kc4 60. Kd2 Rf2+ 61. Ke3 Rxa2 62. Rxh6 b3 63. Rxd6 b2 64. Rxb6 Ra3+ 0-1

[Event "SVK-chT2A 1819"]
[Site "Slovakia"]
[Date "2019.02.03"]
[Round "7.1"]
[White "Farkas, Gabor"]
[Black "Banas, Kamil"]
[Result "0-1"]
[WhiteElo "2365"]
[BlackElo "2245"]
[PlyCount "104"]
[EventDate "2018.10.13"]
[EventType "team-tourn"]
[EventRounds "11"]
[EventCountry "SVK"]
[SourceTitle "CBM 189 Extra"]
[Source "ChessBase"]
[SourceDate "2019.06.03"]
[SourceVersion "1"]
[SourceVersionDate "2019.06.03"]
[SourceQuality "1"]
[WhiteTeam "Senec"]
[BlackTeam "Modra II"]
[WhiteTeamCountry "SVK"]
[BlackTeamCountry "SVK"]

1. d4 d5 2. c4 e6 3. Nc3 Nf6 4. Nf3 Be7 5. e3 0-0 6. Qc2 b6 7. cxd5 exd5 8. Bd3 Ba6 9. 0-0 Bxd3 10. Qxd3 c6 11. Ne5 Nfd7 12. Nxd7 Nxd7 13. b3 f5 14. a4 Bd6 15. Ba3 Bxa3 16. Rxa3 Qe7 17. Ra2 Rf6 18. Rc2 Raf8 19. Rfc1 Rh6 20. Ne2 Nb8 21. Ng3 Qh4 22. h3 Qf6 23. b4 g5 24. b5 f4 25. bxc6 fxg3 26. c7 gxf2+ 27. Kf1 Nc6 28. Qb5 Qf5 29. c8Q Rxc8 30. Rxc6 Rhxc6 31. Rxc6 Rd8 32. Qe2 Rf8 33. Qc2 Qf7 34. Rc7 Qh5 35. Rc8 Qf7 36. Rxf8+ Kxf8 37. e4 dxe4 38. Qxe4 Qe7 39. Qa8+ Kg7 40. Kxf2 Qf8+ 41. Qxf8+ Kxf8 42. Kf3 Ke7 43. g3 a6 44. h4 h6 45. Ke4 Kd6 46. hxg5 hxg5 47. g4 b5 48. a5 b4 49. Kd3 Kd5 50. Kc2 Kxd4 51. Kb3 Kc5 52. Ka4 b3 0-1

[Event "SVK-chT 1819"]
[Site "Slovakia"]
[Date "2018.12.08"]
[Round "3.4"]
[White "Csonka, Attila Istvan"]
[Black "Banas, Kamil"]
[Result "1-0"]
[WhiteElo "2347"]
[BlackElo "2255"]
[PlyCount "53"]
[EventDate "2018.11.10"]
[EventType "team-tourn"]
[EventRounds "11"]
[EventCountry "SVK"]
[SourceTitle "CBM 187 Extra"]
[Source "ChessBase"]
[SourceDate "2018.11.04"]
[SourceVersion "1"]
[SourceVersionDate "2018.11.04"]
[SourceQuality "1"]
[WhiteTeam "Dunajska Streda"]
[BlackTeam "Modra"]
[WhiteTeamCountry "SVK"]
[BlackTeamCountry "SVK"]

1. e4 c6 2. d4 d5 3. Nc3 dxe4 4. Nxe4 Bf5 5. Ng3 Bg6 6. h4 h6 7. Nh3 e6 8. Nf4 Bh7 9. Bc4 Nf6 10. 0-0 Bd6 11. c3 Qc7 12. Ngh5 Nxh5 13. Nxh5 0-0 14. Qg4 Bg6 15. Nxg7 Kxg7 16. h5 Nd7 17. hxg6 fxg6 18. Qxe6 Nf6 19. Qh3 Nh5 20. Be3 Nf4 21. Bxf4 Rxf4 22. Rae1 Rf5 23. Re6 Raf8 24. Bd3 Rg5 25. Rfe1 Rf4 26. R1e4 Rf8 27. Rg4 1-0

[Event "SVK-chT2A 1819"]
[Site "Slovakia"]
[Date "2018.10.13"]
[Round "1.1"]
[White "Sosna, Jan"]
[Black "Banas, Kamil"]
[Result "1/2-1/2"]
[WhiteElo "2341"]
[BlackElo "2245"]
[PlyCount "81"]
[EventDate "2018.10.13"]
[EventType "team-tourn"]
[EventRounds "11"]
[EventCountry "SVK"]
[SourceTitle "CBM 189 Extra"]
[Source "ChessBase"]
[SourceDate "2019.06.03"]
[SourceVersion "1"]
[SourceVersionDate "2019.06.03"]
[SourceQuality "1"]
[WhiteTeam "Skalica"]
[BlackTeam "Modra II"]
[WhiteTeamCountry "SVK"]
[BlackTeamCountry "SVK"]

1. d4 d5 2. Bf4 Nf6 3. e3 e6 4. Nd2 Bd6 5. Bg3 0-0 6. Ngf3 b6 7. c3 Ba6 8. Bxa6 Nxa6 9. Qe2 Nb8 10. e4 Be7 11. 0-0 c5 12. dxc5 Bxc5 13. Rad1 Nbd7 14. exd5 Nxd5 15. Ne4 Qc8 16. Ne5 N5f6 17. Nxd7 Nxd7 18. Qd3 Nb8 19. Nxc5 bxc5 20. Bd6 Rd8 21. Qg3 Nd7 22. Bc7 Re8 23. Rd2 e5 24. Rfd1 Re7 25. Bd6 Re6 26. Qf3 h6 27. Bc7 e4 28. Qf4 Re7 29. Bd6 Re8 30. h3 Qc6 31. Qf5 Rac8 32. Bg3 Nf8 33. Rd6 Qa4 34. Qd5 Ne6 35. Rd7 Rcd8 36. Qb3 Qxd7 37. Rxd7 Rxd7 38. Qa4 Red8 39. Qxe4 Rd1+ 40. Kh2 R1d2 41. Qb7 1/2-1/2

[Event "Pobeskydy op"]
[Site "Frydek Mistek"]
[Date "2018.04.01"]
[Round "7"]
[White "Ludvik, Tomas"]
[Black "Banas, Kamil"]
[Result "0-1"]
[WhiteElo "2115"]
[BlackElo "2242"]
[PlyCount "78"]
[EventDate "2018.03.29"]
[EventType "swiss"]
[EventRounds "9"]
[EventCountry "CZE"]
[SourceTitle "CBM 183 Extra"]
[Source "ChessBase"]
[SourceDate "2018.04.19"]
[SourceVersion "1"]
[SourceVersionDate "2018.04.19"]
[SourceQuality "1"]

1. d4 d5 2. Nf3 c6 3. c4 e6 4. Nc3 dxc4 5. a4 Bb4 6. e3 b5 7. Bd2 a5 8. axb5 Bxc3 9. Bxc3 cxb5 10. b3 Bb7 11. bxc4 b4 12. Bb2 Nf6 13. Bd3 Nbd7 14. 0-0 0-0 15. Nd2 Qc7 16. f4 Rfd8 17. Qc2 a4 18. Rad1 b3 19. Qc1 Nc5 20. Bb1 Nce4 21. Bd3 Nxd2 22. Rxd2 Ne4 23. Re2 Qa5 24. Ba3 Nc3 25. Rd2 Be4 26. Qb2 Bxd3 27. Rxd3 Na2 28. c5 Nb4 29. Bxb4 Qxb4 30. c6 Rdb8 31. c7 Rb7 32. Ra1 Rc8 33. d5 exd5 34. Rd4 a3 35. Qb1 Qc5 36. Qf5 Rbxc7 37. Rxd5 Qxe3+ 38. Kh1 Qc1+ 39. Rd1 Qxa1 0-1

[Event "Pobeskydy op"]
[Site "Frydek Mistek"]
[Date "2018.03.31"]
[Round "5"]
[White "Horak, Jan"]
[Black "Banas, Kamil"]
[Result "0-1"]
[WhiteElo "1950"]
[BlackElo "2242"]
[PlyCount "96"]
[EventDate "2018.03.29"]
[EventType "swiss"]
[EventRounds "9"]
[EventCountry "CZE"]
[SourceTitle "CBM 183 Extra"]
[Source "ChessBase"]
[SourceDate "2018.04.19"]
[SourceVersion "1"]
[SourceVersionDate "2018.04.19"]
[SourceQuality "1"]

1. e4 c5 2. g3 g6 3. Bg2 Bg7 4. f4 Nc6 5. Nf3 d6 6. 0-0 Bg4 7. c3 Qd7 8. Na3 Nf6 9. d3 h5 10. h4 0-0 11. Qe1 e5 12. Nc4 Rfe8 13. Ng5 d5 14. Nxe5 Nxe5 15. fxe5 Rxe5 16. Bf4 Re7 17. Qf2 dxe4 18. dxe4 Rc8 19. Rae1 b5 20. Qc2 a5 21. Rf2 b4 22. Rd2 Qe8 23. Kh1 Nh7 24. Nxh7 Kxh7 25. Rf1 bxc3 26. bxc3 Qb5 27. Rdf2 Qc4 28. Bg5 Rd7 29. Rc1 Kg8 30. Kh2 Be5 31. Bf4 Bxf4 32. Rxf4 Rcd8 33. Rf2 Qe6 34. Re1 Qe5 35. Bf1 Be6 36. Qc1 Kg7 37. Qe3 Rd1 38. Rxd1 Rxd1 39. Bh3 Bc4 40. Rd2 Rc1 41. Qf2 Rxc3 42. Bg2 Be6 43. Rc2 Rxc2 44. Qxc2 c4 45. Bf1 Qd4 46. a3 c3 47. Bd3 Bb3 48. Qxb3 Qxd3 0-1

[Event "SVK-chT 1718"]
[Site "Slovakia"]
[Date "2018.03.02"]
[Round "9.5"]
[White "Jozefek, Michal"]
[Black "Banas, Kamil"]
[Result "0-1"]
[WhiteElo "2198"]
[BlackElo "2247"]
[PlyCount "118"]
[EventDate "2017.09.30"]
[EventType "team-tourn"]
[EventRounds "11"]
[EventCountry "SVK"]
[SourceTitle "EXT 2019"]
[Source "ChessBase"]
[SourceDate "2018.10.10"]
[SourceVersion "1"]
[SourceVersionDate "2018.10.10"]
[SourceQuality "1"]
[WhiteTeam "Osuske"]
[BlackTeam "Modra"]
[WhiteTeamCountry "SVK"]
[BlackTeamCountry "SVK"]

1. d4 d5 2. c4 e6 3. Nc3 c6 4. cxd5 exd5 5. Bf4 Bf5 6. e3 Qb6 7. Qd2 Nf6 8. a3 a5 9. Nf3 Nbd7 10. Be2 Be7 11. 0-0 Nh5 12. Be5 Nxe5 13. dxe5 g6 14. Nd4 Ng7 15. g4 Bd7 16. f4 f6 17. Na4 Qc7 18. exf6 Bxf6 19. Rac1 0-0 20. Bf3 Qd6 21. Nb3 Bd8 22. Nac5 Bc8 23. Nd4 Kh8 24. b4 axb4 25. axb4 b6 26. Nd3 Bb7 27. Qc3 Rc8 28. g5 Kg8 29. Bg4 Rc7 30. Ne5 Nf5 31. Bxf5 gxf5 32. Nexc6 Bxc6 33. Nxc6 Re8 34. b5 h6 35. h4 hxg5 36. hxg5 Bxg5 37. Rf3 Bh4 38. Rh3 Rg7+ 39. Kh1 Bf6 40. Qd2 Ra8 41. Qh2 Rg4 42. Ne5 Qa3 43. Rg1 Rxg1+ 44. Qxg1+ Bg7 45. Rg3 Ra7 46. Nc6 Rc7 47. Qb1 Rf7 48. Ne5 Rf6 49. Kg2 Kh7 50. Nd7 Rf7 51. Nxb6 Qd6 52. Na4 d4 53. b6 dxe3 54. Qb3 Qd2+ 55. Kh1 Qe1+ 56. Kh2 Qf2+ 57. Rg2 Qh4+ 58. Kg1 Qe1+ 59. Kh2 Rf6 0-1

[Event "SVK-chT 1718"]
[Site "Slovakia"]
[Date "2017.12.09"]
[Round "5.6"]
[White "Hanko, Pavol"]
[Black "Banas, Kamil"]
[Result "0-1"]
[WhiteElo "2087"]
[BlackElo "2247"]
[PlyCount "106"]
[EventDate "2017.09.30"]
[EventType "team-tourn"]
[EventRounds "11"]
[EventCountry "SVK"]
[SourceTitle "EXT 2019"]
[Source "ChessBase"]
[SourceDate "2018.10.10"]
[SourceVersion "1"]
[SourceVersionDate "2018.10.10"]
[SourceQuality "1"]
[WhiteTeam "Dunajov Inbest"]
[BlackTeam "Modra"]
[WhiteTeamCountry "SVK"]
[BlackTeamCountry "SVK"]

1. d4 d5 2. Nf3 e6 3. c4 c6 4. e3 f5 5. Nc3 Nf6 6. Bd3 Bd6 7. Ne5 0-0 8. 0-0 Nbd7 9. f4 Ne4 10. Nxe4 dxe4 11. Be2 Nf6 12. Bd2 Qc7 13. b4 b6 14. a4 c5 15. a5 Bb7 16. Qb3 Rfd8 17. bxc5 Bxc5 18. Bc3 Bd6 19. Rfb1 Bxe5 20. fxe5 Nd7 21. c5 Bd5 22. Bc4 Bxc4 23. Qxc4 Qc6 24. Rd1 b5 25. Qb3 Nb8 26. Ra2 a6 27. h3 Rd5 28. Rf1 Nd7 29. Be1 Nf8 30. g4 fxg4 31. hxg4 Ng6 32. Rh2 Rd7 33. Qc2 Rf8 34. Rxf8+ Nxf8 35. g5 Rf7 36. Rh4 Rf5 37. Qxe4 Rxg5+ 38. Kf1 Qe8 39. Rg4 Rh5 40. c6 Ng6 41. Rg2 Ne7 42. Rc2 Nd5 43. Bf2 Nc7 44. Qg4 Rf5 45. e4 Rf7 46. Qd1 Qd8 47. Rd2 Qh4 48. Qc2 Qh1+ 49. Ke2 Rf4 50. Qb3 Rxe4+ 51. Kd3 Rf4 52. Be3 Qe4+ 53. Ke2 Rg4 0-1

[Event "SVK-chT 1718"]
[Site "Slovakia"]
[Date "2017.10.01"]
[Round "2.4"]
[White "Banas, Kamil"]
[Black "Petran, Peter"]
[Result "1-0"]
[WhiteElo "2247"]
[BlackElo "2301"]
[PlyCount "77"]
[EventDate "2017.09.30"]
[EventType "team-tourn"]
[EventRounds "11"]
[EventCountry "SVK"]
[SourceTitle "EXT 2018"]
[Source "ChessBase"]
[SourceDate "2017.10.13"]
[SourceVersion "1"]
[SourceVersionDate "2017.10.13"]
[SourceQuality "1"]
[WhiteTeam "Modra"]
[BlackTeam "Bratislava Slovan"]
[WhiteTeamCountry "SVK"]
[BlackTeamCountry "SLO"]

1. e4 g6 2. d4 Bg7 3. Nc3 c6 4. f4 d5 5. e5 Nh6 6. Nf3 0-0 7. Be3 Bg4 8. Be2 f6 9. Qd2 Nd7 10. 0-0-0 Nf5 11. Kb1 Bxf3 12. Bxf3 fxe5 13. dxe5 Nxe3 14. Qxe3 e6 15. h4 Qe7 16. Bg4 Rae8 17. Ne2 c5 18. Qh3 h5 19. Bf3 Qf7 20. Rhf1 Kh8 21. g4 Re7 22. gxh5 gxh5 23. Rd3 Bh6 24. Rg1 Qf5 25. Qh1 Rg7 26. Rg5 Bxg5 27. hxg5 Nxe5 28. Bxh5 Kg8 29. Rh3 Ng6 30. Ng3 Qf7 31. f5 exf5 32. Bxg6 Qxg6 33. Rh8+ Kf7 34. Qxd5+ Ke7 35. Rh6 Rd8 36. Qe5+ Kf7 37. b3 Qxg5 38. Qe6+ Kf8 39. Rf6+ 1-0

[Event "SVK-chT 1617"]
[Site "Slovakia"]
[Date "2017.02.18"]
[Round "7.3"]
[White "Pcola, Jaroslav1111"]
[Black "Banas, Kamil"]
[Result "0-1"]
[WhiteElo "2046"]
[BlackElo "2240"]
[PlyCount "112"]
[EventDate "2016.10.22"]
[EventType "team-tourn"]
[EventRounds "11"]
[EventCountry "SVK"]
[SourceTitle "CBM 177 Extra"]
[Source "ChessBase"]
[SourceDate "2017.04.27"]
[SourceVersion "1"]
[SourceVersionDate "2017.04.27"]
[SourceQuality "1"]
[WhiteTeam "Humenne Reinter"]
[BlackTeam "Modra"]
[WhiteTeamCountry "SVK"]
[BlackTeamCountry "SVK"]

1. e4 c5 2. Nf3 d6 3. d4 cxd4 4. Nxd4 Nf6 5. Nc3 a6 6. Be3 e5 7. Nb3 Be6 8. Be2 Be7 9. 0-0 0-0 10. f4 exf4 11. Bxf4 Nc6 12. Kh1 Qc7 13. Nd5 Bxd5 14. exd5 Ne5 15. Rc1 Nfd7 16. Nd4 g6 17. c4 Bf6 18. b3 Bg7 19. Qd2 Rfe8 20. Nf3 Nxf3 21. Bxf3 a5 22. Rfe1 Be5 23. Be3 b6 24. Bg4 Nc5 25. Bf3 Re7 26. Bg5 f6 27. Be3 Rae8 28. Rcd1 Nd7 29. Rc1 Qd8 30. g3 f5 31. Bg5 Bf6 32. Bf4 Ne5 33. Bxe5 Bxe5 34. Rf1 h5 35. Rce1 Kg7 36. Qg5 Bf6 37. Qd2 Rxe1 38. Rxe1 Be5 39. Kg2 Qf6 40. Qf2 Rb8 41. Bd1 Rb7 42. Kh1 Kh8 43. Bc2 Qd8 44. Bd1 Rf7 45. Bc2 Kg7 46. Bd1 Kg8 47. Bc2 Rh7 48. Qf3 Kh8 49. Bd1 Rf7 50. Bc2 Qg5 51. Qe3 f4 52. gxf4 Rxf4 53. Rg1 Qh4 54. Qg3 g5 55. Qxg5 Qxh2+ 56. Kxh2 Rf2+ 0-1

[Event "SVK-chT 1617"]
[Site "Slovakia"]
[Date "2016.12.18"]
[Round "4.3"]
[White "Zetocha, Claudiu"]
[Black "Banas, Kamil"]
[Result "1-0"]
[WhiteElo "2333"]
[BlackElo "2240"]
[PlyCount "57"]
[EventDate "2016.10.22"]
[EventType "team-tourn"]
[EventRounds "11"]
[EventCountry "SVK"]
[SourceTitle "CBM 177 Extra"]
[Source "ChessBase"]
[SourceDate "2017.04.27"]
[SourceVersion "1"]
[SourceVersionDate "2017.04.27"]
[SourceQuality "1"]
[WhiteTeam "Bratislava Slovan"]
[BlackTeam "Modra"]
[WhiteTeamCountry "SVK"]
[BlackTeamCountry "SVK"]

1. e4 c5 2. Nf3 e6 3. c4 d6 4. d4 cxd4 5. Nxd4 Nf6 6. Nc3 a6 7. Be2 Be7 8. 0-0 Qc7 9. Be3 0-0 10. Qd2 b6 11. f3 Bb7 12. Rac1 Nbd7 13. Rfd1 Rfe8 14. Bf1 Rad8 15. Kh1 Ba8 16. Qf2 Qb7 17. a3 Bf8 18. b4 Ne5 19. Nb3 Rc8 20. Bxb6 d5 21. cxd5 exd5 22. Na5 Qb8 23. Nxd5 Nxd5 24. Rxc8 Qxc8 25. exd5 Qc3 26. Bc5 Qxa3 27. Bxf8 Rxf8 28. Qd4 f6 29. Ra1 1-0

[Event "SVK-chT2C 1617"]
[Site "Slovakia"]
[Date "2016.12.04"]
[Round "6.1"]
[White "Haring, Filip"]
[Black "Banas, Kamil"]
[Result "1-0"]
[WhiteElo "2090"]
[BlackElo "2209"]
[PlyCount "141"]
[EventDate "2016.10.08"]
[EventType "team-tourn"]
[EventRounds "11"]
[EventCountry "SVK"]
[SourceTitle "EXT 2018"]
[Source "ChessBase"]
[SourceDate "2017.10.13"]
[SourceVersion "1"]
[SourceVersionDate "2017.10.13"]
[SourceQuality "1"]
[WhiteTeam "Banska Bystrica Veza"]
[BlackTeam "Filakovo"]
[WhiteTeamCountry "SVK"]
[BlackTeamCountry "SVK"]

1. e4 c6 2. d4 d5 3. exd5 cxd5 4. c4 Nf6 5. Nc3 e6 6. Nf3 Be7 7. c5 0-0 8. Bf4 Nc6 9. Bb5 Bd7 10. 0-0 Ne4 11. Rc1 Bf6 12. Bxc6 Bxc6 13. Qd3 Qa5 14. Be5 Nxc3 15. Qxc3 Qxc3 16. Rxc3 Bd8 17. Bd6 Re8 18. Rb3 f6 19. Re1 Kf7 20. Rbe3 Ba5 21. Rb1 Bd8 22. b4 Bb5 23. Ne1 a5 24. a4 Bc4 25. bxa5 Ba6 26. Nc2 Bxa5 27. f4 Bd2 28. Rh3 h6 29. Na3 Ba5 30. Nb5 Rac8 31. Rhb3 Red8 32. Na7 Ra8 33. Nb5 Rac8 34. h4 Rd7 35. g4 Bd8 36. Kf2 e5 37. fxe5 fxe5 38. dxe5 Bxh4+ 39. Ke3 Kg6 40. Rh1 Bg5+ 41. Kd4 b6 42. cxb6 Rc4+ 43. Kxd5 Rxa4 44. Kc6 Rf7 45. Nc7 Bc8 46. b7 Bxb7+ 47. Rxb7 Rxg4 48. e6 Rf2 49. Ne8 Rc2+ 50. Bc5 Be3 51. Rxg7+ Kf5 52. Nd6+ Kxe6 53. Rxh6+ Bxh6 54. Rxg4 Bc1 55. Re4+ Kf6 56. Kd5 Rd2+ 57. Bd4+ Kg6 58. Ke6 Bb2 59. Be3 Rg2 60. Nf5 Bf6 61. Bd4 Bg5 62. Re1 Ra2 63. Nd6 Ra6 64. Rg1 Kh6 65. Kf5 Ra5+ 66. Be5 Bh4 67. Rh1 Kh5 68. Ne4 Ra4 69. Nf6+ Kh6 70. Bf4+ Kg7 71. Rxh4 1-0

[Event "SVK-chT2C 1617"]
[Site "Slovakia"]
[Date "2016.12.03"]
[Round "5.1"]
[White "Nagy, Gabor"]
[Black "Banas, Kamil"]
[Result "1-0"]
[WhiteElo "2431"]
[BlackElo "2209"]
[PlyCount "43"]
[EventDate "2016.10.08"]
[EventType "team-tourn"]
[EventRounds "11"]
[EventCountry "SVK"]
[SourceTitle "EXT 2018"]
[Source "ChessBase"]
[SourceDate "2017.10.13"]
[SourceVersion "1"]
[SourceVersionDate "2017.10.13"]
[SourceQuality "1"]
[WhiteTeam "Cebovce"]
[BlackTeam "Filakovo"]
[WhiteTeamCountry "SVK"]
[BlackTeamCountry "SVK"]

1. Nf3 d5 2. c4 e6 3. g3 c6 4. Bg2 dxc4 5. Qc2 b5 6. b3 cxb3 7. axb3 Bb7 8. 0-0 Nd7 9. d4 Ngf6 10. Bg5 Qb6 11. Ne5 Nxe5 12. dxe5 Nd5 13. Nc3 Nxc3 14. Qxc3 Bc5 15. Rac1 Bd4 16. Qf3 Bxe5 17. Rxc6 Qa5 18. Qe3 f6 19. Rxe6+ Kf7 20. Rxe5 Rae8 21. Rxe8 Rxe8 22. Qd2 1-0

[Event "EU-Cup 32nd"]
[Site "Novi Sad"]
[Date "2016.11.11"]
[Round "6.4"]
[White "Halvax, Georg"]
[Black "Banas, Kamil"]
[Result "1-0"]
[WhiteElo "2373"]
[BlackElo "2243"]
[PlyCount "101"]
[EventDate "2016.11.06"]
[EventType "team-swiss"]
[EventRounds "7"]
[EventCountry "SRB"]
[SourceTitle "CBM 176"]
[Source "ChessBase"]
[SourceDate "2017.01.17"]
[SourceVersion "1"]
[SourceVersionDate "2017.01.17"]
[SourceQuality "1"]
[WhiteTeam "Maria Saal"]
[BlackTeam "Modra"]
[WhiteTeamCountry "AUT"]
[BlackTeamCountry "SVK"]

1. Nf3 d5 2. g3 c5 3. Bg2 Nc6 4. 0-0 g6 5. d3 Bg7 6. Nbd2 Nf6 7. e4 d4 8. a4 0-0 9. Nc4 Nd7 10. Ng5 h6 11. Nh3 Nde5 12. Nxe5 Nxe5 13. f4 Nc6 14. f5 e6 15. f6 Bxf6 16. Bxh6 Bg7 17. Qd2 Ne5 18. Nf2 Bxh6 19. Qxh6 Qf6 20. Qf4 Qh8 21. Ng4 Nxg4 22. Qxg4 e5 23. Qg5 Qh5 24. Qxh5 gxh5 25. Bf3 Bg4 26. Bxg4 hxg4 27. Rf5 f6 28. Rh5 Rf7 29. Rf1 Raf8 30. Rh4 Rg7 31. Rh6 f5 32. exf5 Rg5 33. Re6 Rgxf5 34. Rg6+ Kh7 35. Rxf5 Rxf5 36. Rxg4 Rf7 37. Kg2 Re7 38. b3 b6 39. h4 a6 40. Kf3 Rf7+ 41. Ke2 b5 42. axb5 axb5 43. Rg5 Re7 44. Rf5 b4 45. Kf3 e4+ 46. dxe4 c4 47. bxc4 Rc7 48. c5 d3 49. cxd3 b3 50. c6 Rxc6 51. Rb5 1-0

[Event "EU-Cup 32nd"]
[Site "Novi Sad"]
[Date "2016.11.10"]
[Round "5.5"]
[White "Banas, Kamil"]
[Black "Densing, Gerd"]
[Result "1-0"]
[WhiteElo "2243"]
[BlackElo "1806"]
[PlyCount "61"]
[EventDate "2016.11.06"]
[EventType "team-swiss"]
[EventRounds "7"]
[EventCountry "SRB"]
[SourceTitle "CBM 176"]
[Source "ChessBase"]
[SourceDate "2017.01.17"]
[SourceVersion "1"]
[SourceVersionDate "2017.01.17"]
[SourceQuality "1"]
[WhiteTeam "Modra"]
[BlackTeam "Echternach Sprenger"]
[WhiteTeamCountry "SVK"]
[BlackTeamCountry "LUX"]

1. e4 e6 2. d4 d5 3. Nc3 dxe4 4. Nxe4 Nd7 5. Nf3 Ngf6 6. Nxf6+ Nxf6 7. Bd3 c5 8. Bg5 a6 9. Qe2 cxd4 10. 0-0-0 Qa5 11. Kb1 Be7 12. h4 Bd7 13. Nxd4 h6 14. Bc1 Qb6 15. Nf3 Nd5 16. Ka1 Bf6 17. Ne5 Bc6 18. c3 Rc8 19. Bc2 Qc7 20. f4 Bb5 21. Qe1 0-0 22. g4 Bxe5 23. fxe5 Qc4 24. Rh2 Qxg4 25. Rd4 Qh5 26. Bd1 Qf5 27. Rf2 Qh3 28. Qg1 Nxc3 29. Bxh6 g6 30. Rf3 Nxd1 31. Rxh3 1-0